Statistics for North American Pro Sports Teams in Alphabetical Order

Click here to take the quiz!

General Stats

  • This quiz has been taken 2,321 times
    (961 since last reset)
  • The average score is 68 of 124

Answer Stats

HintAnswer% Correct
MLBAngels
86%
NFL49ers
81%
MLBAstros
81%
MLBAthletics
81%
NBA76ers
79%
NHLAvalanche
75%
NFLBengals
75%
NFLBears
74%
NFLBills
73%
NFLBroncos
71%
NHLBruins
70%
NFLBrowns
69%
MLBBlue Jays
68%
NFLCardinals
68%
NHLBlackhawks
67%
NHLBlues
67%
NBABucks
67%
NFLBuccaneers
66%
NHLBlue Jackets
65%
NBABulls
65%
MLBCardinals
65%
MLBBraves
64%
MLBBrewers
63%
NBACavaliers
63%
NBACeltics
63%
NFLChiefs
63%
NHLCanucks
62%
MLBYankees
62%
NFLColts
61%
NFLCowboys
61%
NFLEagles
61%
NFLChargers
60%
NFLJets
60%
NHLCanadiens
59%
NFLFalcons
59%
NBAWizards
59%
NFLDolphins
58%
NBAClippers
57%
MLBCubs
57%
NHLJets
57%
MLBDiamondbacks
56%
NHLFlames
56%
NFLGiants
56%
NFLJaguars
56%
NHLCoyotes
55%
NBAHeat
55%
MLBReds
55%
NHLCapitals
54%
NFLCommanders
54%
MLBDodgers
54%
NHLKings
54%
NBAKnicks
54%
NBALakers
54%
NFLPackers
54%
NHLIslanders
53%
NBAJazz
53%
NHLOilers
53%
MLBOrioles
53%
MLBRed Sox
53%
NFLVikings
53%
NBAWarriors
53%
NHLWild
53%
NHLDevils
52%
NHLDucks
52%
NBAHawks
52%
MLBMarlins
52%
NBANets
52%
NHLPanthers
52%
NFLTitans
52%
MLBWhite Sox
52%
NBAHornets
51%
NBAKings
51%
NFLLions
51%
MLBMariners
51%
NBAMavericks
51%
NBAPacers
51%
NFLPatriots
51%
NBATimberwolves
51%
NHLFlyers
50%
MLBGiants
50%
NBAGrizzlies
50%
MLBGuardians
50%
NHLHurricanes
50%
NFLPanthers
50%
NHLPenguins
50%
MLBPirates
50%
NHLRangers
50%
MLBRangers
50%
NBARaptors
50%
NFLRavens
50%
NHLKraken
49%
NHLLightning
49%
NBAMagic
49%
MLBMets
49%
NBAPelicans
49%
MLBPhillies
49%
NHLGolden Knights
48%
NHLMaple Leafs
48%
MLBNationals
48%
NFLTexans
48%
NBANuggets
47%
NFLRams
47%
MLBTwins
47%
MLBRays
46%
NHLRed Wings
46%
NFLSaints
46%
NFLSeahawks
46%
NBASpurs
46%
NFLSteelers
46%
MLBPadres
45%
NBARockets
45%
NBAThunder
45%
NBAPistons
44%
NHLPredators
44%
NFLRaiders
44%
NBATrail Blazers
44%
MLBRockies
43%
MLBRoyals
43%
NHLSenators
43%
NHLStars
43%
MLBTigers
43%
NBASuns
42%
NHLSharks
40%
NHLSabres
38%

Score Distribution

Percentile by Number Answered

Percent of People with Each Score

Your Score History

You have not taken this quiz since the last reset